[Event "RUS-Cup03 Geller Memorial"]
[Site "Moscow"]
[Date "1999.02.14"]
[Round "5"]
[White "Kharitonov, Andrei Y"]
[Black "Korobov, Ilya"]
[Result "1-0"]
[WhiteElo "2562"]
[BlackElo "2372"]
[Annotator "Tyomkin,D"]
[PlyCount "107"]
[EventDate "1999.02.10"]
[EventType "swiss"]
[EventRounds "9"]
[EventCountry "RUS"]
[SourceTitle "CBM 070"]
[Source "ChessBase"]
[SourceDate "1999.06.08"]
[SourceVersion "1"]
[SourceVersionDate "1999.06.08"]
[SourceQuality "1"]

1. d4 f5 2. g3 Nf6 3. Bg2 g6 4. Nd2 Bh6 $6 $146 {Pherhaps,black played this
move against immediate e2-e4,but it looks very strange.} (4... Nc6 5. d5 Ne5 6.
b3 Bg7 7. Bb2 d6 {Khenkin,I-Kindermann,S/Dortmund 1993/1/2-1/2 (49)}) (4... d6
5. e4 fxe4 6. Nxe4 Bg7 (6... c6 7. Qe2 Nxe4 8. Bxe4 Bg7 9. c3 O-O 10. h4 $1 d5
11. Bd3 e5 12. dxe5 Bxe5 13. h5 $16 {1-0 Kozul,Z-Mokos/Zadar 1995 (28)}) 7.
Nxf6+ exf6 8. Qe2+ Qe7 9. Qxe7+ Kxe7 10. Ne2 $14 {1-0 Karpov,A-Piescikowski,M/
Simul, Koszalin POL 1997 (34)}) (4... d5 5. Nh3 Bg7 6. Nf4 c5 $6 7. c4 $1 dxc4
8. Qa4+ Qd7 9. Qxd7+ Kxd7 10. d5 Ne8 11. Nxc4 Na6 12. Ne6 $16 {1-0 Dizdarevic
Emir-Zelic Mladen/It Solin (Croatia) (4) 1996 (70)}) 5. Ngf3 (5. h4 $5 {
[%cal Gg1h3]}) 5... O-O 6. O-O d6 7. Re1 $6 {[%cal Ye2e4]} (7. c4) (7. b4 $5 {
[%cal Gc1b2,Yc2c4,Yd1b3]}) 7... d5 $1 {In that pawn structure R is useless
on-e1.} 8. c4 e6 9. Ne5 b6 10. Ndf3 {prooving the weekness of black's openingh
strategy.} Bg7 (10... Bxc1 11. Rxc1 $16 {Black can't develope his queenside
pieces.}) 11. b3 Ne4 12. Ba3 {It was not nessesary to develope bishop to-a3.} (
12. Bb2 $14) 12... Re8 13. Rc1 Bb7 14. Qc2 c6 15. Red1 a5 16. e3 Ra7 17. Bb2
Ba8 18. a3 {[%cal Gb3b4]} Qe7 19. Ne1 {Typical setup in this sructure-Nd3+Ne5,
then f2-f3.} Rc8 20. N1d3 Nd7 21. Nxd7 Qxd7 22. f3 $6 (22. b4 axb4 23. axb4 $14
{[%csl Ra8][%cal Gc1a1] sometimes white can close the queenside by c4-c5
starting the play in the center(f3 and e4).White is better because of
advantage in space.}) 22... Nf6 23. a4 Rb8 24. Ba3 (24. Ne5 Qe7 $11 25. e4 $2 (
25. g4 Nd7 $1) 25... fxe4 26. fxe4 dxe4 27. Bxe4 Nxe4 28. Qxe4 c5 29. d5 exd5
30. cxd5 Re8 $17) 24... Ne8 25. Ne5 Bxe5 26. dxe5 c5 27. f4 Qf7 28. cxd5 exd5
$2 {[%mdl 16384]} (28... Bxd5 $142 {and after exchange of light-square bishops
white's bishop-a3 will be worse than black N,and already white has to look for
equality.} 29. e4 fxe4 30. Bxe4 Ng7 {[%cal Gg7f5]}) 29. Bb2 Qe6 $6 (29... Nc7
$142 30. Bf3 $14 {[%csl Rd5,Rg8][%cal Gc2g2,Yd1d2,Yc1d1]}) 30. Bf3 Rd7 31. Qg2
Rbd8 32. g4 {White is looking for second weekness in black's position.First
weekness is d5-pawn,of course.} Ng7 33. h3 Kf7 34. Kh2 Rf8 35. Rd3 Bc6 36. Rcd1
Rfd8 37. Bc3 $1 {[%csl Rd5][%cal Gc3e1,Ge1h4][%mdl 2048] White finally broke
the defense.Because of the threat Be1-h4 black should make something.} Kf8 38.
Be1 c4 (38... fxg4 39. hxg4 g5 40. Bg3 $16) 39. Rd4 $1 cxb3 40. Rb1 Qe8 41.
Rxb3 Ne6 42. Rd2 Bxa4 43. Rxb6 $18 d4 {There was no way to defend d5-pawn.} 44.
gxf5 gxf5 45. exd4 Rxd4 46. Rxd4 Rxd4 47. Bxa5 {[%cal Ra5b4,Rf3d5] In such
open position,the safety of kings and the activity of pieces are decisive
factors.White has completely winning position.} Rxf4 48. Bd5 Bd7 49. Bb4+ Rxb4
(49... Kf7 50. Bxe6+ {Of course,it is not only way.} Bxe6 51. Rb7+ Bd7 52. Qd5+
Kg6 53. Rxd7 Rxb4 54. Qd6+ $18) 50. Rxb4 Ng5 {Just a cheap trick.} 51. Qb2 $1 {
[%cal Rb4b8]} (51. Qxg5 Qxe5+ 52. Qf4 Qxd5) 51... Qh5 52. Rb8+ Be8 53. Qb4+ Kg7
54. Qe7+ 1-0

[Event "Ciocaltea Memorial"]
[Site "Bucharest"]
[Date "1999.03.15"]
[Round "12"]
[White "Itkis, Boris"]
[Black "Conquest, Stuart"]
[Result "0-1"]
[WhiteElo "2462"]
[BlackElo "2488"]
[Annotator "Tyomkin,D"]
[PlyCount "96"]
[EventDate "1999.03.04"]
[EventType "tourn"]
[EventRounds "13"]
[EventCountry "ROU"]
[EventCategory "10"]
[SourceTitle "CBM 070"]
[Source "ChessBase"]
[SourceDate "1999.06.08"]
[SourceVersion "1"]
[SourceVersionDate "1999.06.08"]
[SourceQuality "1"]

1. Nf3 f5 2. d4 Nf6 3. g3 g6 4. Bg2 Bg7 5. O-O O-O 6. b3 d6 7. Bb2 Qe8 8. Nbd2
Nc6 9. Nc4 h6 10. d5 {Black doesn't have any opening problems in this
variation.} Nd8 (10... Nb4 11. Bxf6 $5 (11. Ne3 c5 12. dxc6 bxc6 13. a3 Na6 14.
b4 Rb8 15. c4 c5 16. b5 Nc7 17. Qa4 a6 18. Qa5 Ne6 19. a4 f4 $132 {Efimov,
I-Malaniuk,V/Kiev 1989/CBM 15/1/2-1/2 (36)}) 11... Rxf6 $1 (11... Bxf6 12. Qd2
$1 {[%csl Rb4,Rh6]} Bxa1 13. Rxa1 Na6 14. Qxh6 Qf7 15. Nh4 Qg7 16. Qxg6 f4 17.
e3 fxg3 18. hxg3 $16 {Loginov,V-Hetey,L/Berliner Sommer 1996/1-0 (38)}) 12. c3
Na6 13. Nd4 e5 14. dxe6 Nc5 15. b4 Ne4 16. Rc1 Bxe6 17. Nd2 d5 $11 {Andersson,
U-Gurevich,M/Wijk aan Zee 1990/CBM 17/1/2-1/2(32)}) 11. Nd4 Rb8 $146 (11... Bd7
12. a4 {[%csl Gb5]} c5 13. Nb5 Qf7 (13... Bxb5 14. axb5 Qxb5 15. Ra5 Qd7 16.
Qa1 {[%cal Gc4b6]} (16. Nb6 $2 Qc7)) 14. e3 g5 15. f4 Qg6 $13 {Jouhki,Y-Innala,
H/Finland 1997/1/2-1/2(29)}) (11... e5 12. dxe6 Nxe6 13. a4 $6 Nc5 14. a5 Nce4
$11 {1/2-1/2 Strutinskaya Galina N-Susterman,A/w 1996 (23)}) (11... c5 $5) 12.
a4 c5 13. dxc6 bxc6 {Black's positon is alredy preferable.White knights in the
center would be attacked by black pawns.} 14. Qd2 $6 {Dubious idea to move the
queen to-a5.Black just improves his pieces.} Ne4 15. Qc1 $2 {White gets
tungled.It was better to continue the idea:} (15. Qa5 $142 Qd7 $15 {[%cal
Gc6c5,Gd6d5]} (15... d5 $140 16. Qc7)) 15... d5 16. Nd2 {White tries to change
the kind of position by piece sacrifice getting couple pawns for it. That is
typical defensive trick to change material balance.} (16. Na5 e5 (16... c5 $2
17. Nb5) 17. Nf3 Ba6 18. c4 Nb7 $17) 16... Nxd2 17. Qxd2 c5 {[%csl Rb2]} 18.
Bxd5+ Kh7 $2 (18... e6 $142 19. Nxe6 Bxe6 20. Bxg7 Kxg7 21. Qc3+ {getting the
same 3 pawns like after 18...Kh7, but better pawn structure.}) 19. Nxf5 {
White could try the next tactical blow:} (19. Qa5 $5 {[%csl Rc5,Rc7]} cxd4 20.
Qc7 Be6 21. Qxb8 Bxd5 22. Qxa7 e5 {[%cal Gd8e6] The initiative of black on the
kingside and over the center is much more dangerous then white pawns on the
queenside.}) 19... Bxf5 20. Bxg7 Kxg7 21. Qc3+ Kh7 22. Qxc5 {[%mdl 1024] Black
should try to keep pieces on the board(not to change them!) because of piece
up.} Qd7 (22... Rc8 23. Qxa7 Rxc2 24. Qe3 {[%csl Ga4,Gb3]}) 23. Rad1 Rc8 24.
Qe3 Qc7 25. Rd4 e5 $6 26. Rc4 Qg7 27. Rxc8 Bxc8 28. Rd1 Ne6 29. c3 {[%csl Gd4]}
Ng5 30. f3 Qc7 31. b4 Bf5 32. c4 Ne6 33. Rd2 $2 {Now black gets strong
outposted knight on d4 which is disconnecting all white's pieces. It looks
that both sides were in time-trouble in this stage of the game.Actually that
was the reason of white's loss.} (33. Bxe6 Bxe6 34. c5 {[%cal Gb4b5,Gc5c6] and
white looks better now.}) 33... Nd4 {[%cal Rd4c2]} 34. f4 $2 {Just creating
new targets for black pieces.} Bh3 35. a5 h5 36. Rd1 Bg4 37. Rd2 Bh3 38. Rd1
Bg4 39. Rd2 Nf5 40. Qe4 $4 (40. Qxe5 Qxe5 41. fxe5 Ne3 42. h4 Rf1+ 43. Kh2 Rf5
{[%cal Re3f1,Rf5e5]} (43... Rf2+ 44. Kg1 Rxe2 45. Rxe2 Bxe2 46. Kf2 (46. e6
Nxd5 47. cxd5 Kg7 $19 {[%cal Ge2c4]}) 46... Bxc4 (46... Nxd5 $2 47. cxd5 Bb5
48. Ke3 {[%cal Ge3d4,Gd4c5]}) 47. Kxe3 Bxd5 48. Kd4 Bg2 49. Kc5 Kg7 50. b5 (50.
Kd6 Bf1 {[%cal Ga7a6]}) 50... Kf7 51. Kd6 Bf1 52. b6 axb6 53. axb6 Ba6 54. Kd7
Bb5+ $11) (43... Rc1 44. Rd3 Nf1+ 45. Kg2 Bxe2 46. Rd4 Bxc4 47. Bxc4 Ne3+ 48.
Kf3 Nxc4 49. Rd7+ Kh6 50. e6 $13) 44. Rd3 Rxe5 $15) 40... exf4 41. gxf4 (41.
Qxf4 Qe7 $19 {[%cal Gf5e3]}) 41... Qb8 $1 $19 {[%csl Rb4,Rf4][%cal Rf8e8,Yf5e3]
} 42. h3 Bxh3 43. Be6 Qxb4 44. Rd7+ Kh6 45. Kh2 Qe1 46. Bxf5 Bxf5 47. Qe7 Qf2+
48. Kh1 Qf1+ (48... Qf1+ 49. Kh2 Qxf4+) 0-1

[Event "Rubinstein Memorial 34th"]
[Site "Polanica Zdroj"]
[Date "1997.08.19"]
[Round "1"]
[White "Krasenkow, Michal"]
[Black "Malaniuk, Vladimir P"]
[Result "0-1"]
[WhiteElo "2645"]
[BlackElo "2615"]
[Annotator "Tyomkin,D"]
[PlyCount "100"]
[EventDate "1997.08.19"]
[EventType "tourn"]
[EventRounds "11"]
[EventCountry "POL"]
[EventCategory "16"]
[SourceTitle "CBM 061"]
[Source "ChessBase"]
[SourceDate "1997.11.23"]
[SourceVersion "1"]
[SourceVersionDate "1997.11.23"]
[SourceQuality "1"]

1. d4 f5 2. g3 Nf6 3. Bg2 g6 4. Nh3 Bg7 5. Nf4 Nc6 6. h4 e5 (6... Ng4 {Tyomkin,
D} 7. d5 Nce5 8. Nc3 Nf7 9. e4 e5 10. dxe6 dxe6 11. Qxd8+ Kxd8 12. O-O (12. f3
Nge5 (12... Bxc3+ 13. bxc3 Nge5 14. exf5 exf5 15. Be3 $14) 13. exf5 exf5 14.
Be3 c6 15. O-O-O+ Kc7 $14) 12... c6 13. exf5 gxf5 14. Nh5 Be5 15. Bf4 Bxf4 16.
Nxf4 Nf6 $1 (16... e5 17. Rad1+ Kc7 18. Nh5 $14) 17. Rfe1 Re8 18. Bf3 {[%cal
Gf4h5]} Re7 19. Nh5 Ne8 20. g4 fxg4 21. Bxg4 e5 22. Rad1+ Kc7 23. Bxc8 Rxc8 $11
{Malaniuk,V-Borge,N/Espergarde PC 1992/1/2-1/2(27)}) (6... d6 {[%cal Ge7e5]
Tyomkin,D} 7. d5 (7. h5 e5 8. h6 (8. dxe5 dxe5 9. Bxc6+ bxc6 10. Qxd8+ Kxd8 11.
h6 Bf8 12. Nd3 Bd6 13. Bg5 Ke7 14. Nd2 e4 15. Nf4 Kf7 16. Nc4 Ba6 17. Nxd6+
cxd6 18. Rd1 d5 19. b3 Rhd8 20. c3 Bb7 $15 {Cifuentes-Van Mil, Holland 1993})
8... Bf8 9. dxe5 dxe5 10. Nd5 Nxd5 11. Bxd5 Bd7 $14) 7... Ne5 8. Nd2 $5 (8. Nc3
{[%cal Ge2e4]}) 8... c6 9. Nf3 (9. c4) 9... cxd5 $2 (9... Ne4 $142) 10. Ng5 $1
$16 {[%csl Re6]} (10. Nxe5 dxe5 11. Nxd5 O-O 12. Bg5 $14) 10... Ne4 11. Qxd5 (
11. Bxe4 dxe4 12. Nfe6 Bxe6 13. Nxe6 Qb6 14. Nxg7+ Kf7 15. Bh6 {[%cal Gd1d5]}
e6 $16 {[%cal Ge5g4]}) 11... Nxg5 12. hxg5 Qd7 {Frois,A-Schroll,G/EU-chTM 1997/
EXP 57/0-1 (41)} 13. Rxh7 $1 $16) 7. dxe5 Nxe5 8. h5 c6 9. c4 $146 (9. hxg6 {
Tyomkin,D} hxg6 10. Rxh8+ Bxh8 11. Nd3 $2 (11. Be3 {[%cal Ge3d4]} d5 12. Bd4)
11... Nfg4 12. Nxe5 Bxe5 $15 {@} 13. e4 Qe7 14. Qe2 d6 15. Na3 f4 $1 16. gxf4
Bd4 17. f3 Qh4+ 18. Kd2 Be3+ 19. Kd3 Bxc1 20. Rxc1 Qg3 21. Rg1 Nf2+ 22. Kc3 Nh3
23. Rh1 $4 (23. Bxh3 $142 Qxg1 24. Bxc8 Rxc8 25. Nc4) 23... Nxf4 24. Rh8+ Kf7
25. Qd2 Nxg2 $19 {Engqvist,T-Agrest,E/Stockholm 1995/0-1(32)}) 9... O-O 10.
hxg6 hxg6 11. Qc2 (11. Qb3 d6) 11... d6 12. Nd2 Qe8 13. Nf3 $6 (13. b3 {
it was better way to finish development} g5 (13... Neg4 14. Bb2) 14. Nh3 {
[%cal Gc1b2,Ye1c1]}) 13... Ne4 $15 {@ Now white has some problems to develope
hisB.White chooses the way to give up in the center,and to castle to the <<.
But after all black reached advantage in space and in the center} 14. Nxe5 (14.
O-O $5) 14... dxe5 15. Nd3 Nf6 $1 {[%cal Ge5e4]} 16. Bh6 $2 (16. Bg5 $142 e4
17. Nf4 Be6 18. Rd1 (18. O-O-O b5 $40 {<<}) 18... Bf7 $15) 16... Bxh6 17. Rxh6
Kg7 18. Rh1 e4 19. Nf4 Qe5 20. O-O-O Be6 $17 {[%csl Rc4,Rg2] ()} 21. f3 Bf7 22.
Qd2 $2 {[%csl Rc4][%cal Rf4d3] intending Nd3 and Qh6.But it is only cheap
trick.} (22. fxe4 $142 fxe4 23. Kb1 Rh8 24. e3) 22... Rh8 {of course} 23. Rxh8
Rxh8 24. Qe3 Bxc4 25. Qxa7 Bf7 {[%csl Rf4,Rg2,Rg3][%cal Rg6g5] Now white has a
serios problems:N and B are in out of the game ang g6-g5 is always threating}
26. fxe4 fxe4 27. Qd4 (27. Qxb7 g5 $17 (27... Rb8 $2 28. Ne6+ Kg8 29. Qxb8+))
27... Qxd4 28. Rxd4 Rh2 {[%cal Gg6g5]} 29. Bh3 (29. Bxe4 $2 c5 {[%csl Re4]})
29... Bxa2 30. Be6 (30. Bc8 g5 31. Nh3 Kg6) 30... g5 31. Bxa2 gxf4 32. gxf4
Rxe2 33. Rd2 Re1+ $1 (33... Rxd2 34. Kxd2 Kg6 (34... Nd5 35. Bb1) 35. Be6 $1 {
[%csl Gf5][%cal Ge6c8]} Nd5 36. Bc8 b6 37. Bd7 c5 38. Bc8 $1 (38. Bc6 Nf6 {
[%cal Gg6f5] black should win}) 38... Kf6 (38... Nxf4 39. Ke3 Nd3 40. Kxe4 Nxb2
41. Ba6 $1 $11 {[%cal Ge4d5,Gd5c6]}) 39. Bb7 {white has a drowing chances}) 34.
Kc2 $2 (34. Rd1 $142 Rxd1+ 35. Kxd1 Kg6 (35... Nd5 36. Bb1) 36. Be6 Nd5 37. Bc8
b6 38. Kd2 Kf6 39. Bd7 Nxf4 (39... c5 40. Bc6 Ke6 41. Bb7) 40. Bxc6 Ke5 $19)
34... Rf1 $19 {black wins a second pawn} 35. Rg2+ Kf8 36. Kc3 Rxf4 37. Kd4 Rf5
38. Be6 c5+ 39. Kc4 Re5 40. Bc8 b6 41. Bb7 Ke7 42. Rg7+ Kd6 43. Rg6 Ke6 44. Kb5
e3 45. Bf3 e2 46. Bxe2 Rxe2 47. Kxb6 Kf5 48. Rg1 Ne4 49. Rb1 Ke5 50. Kc6 Rc2
0-1

[Event "Terres Catalanes"]
[Site "Manresa"]
[Date "1996.??.??"]
[Round "8"]
[White "Ubilava, Elizbar"]
[Black "Garcia Ilundain, David"]
[Result "1/2-1/2"]
[WhiteElo "2540"]
[BlackElo "2520"]
[Annotator "Tyomkin,D"]
[PlyCount "64"]
[EventDate "1996.09.??"]
[EventType "tourn"]
[EventRounds "9"]
[EventCountry "ESP"]
[EventCategory "9"]
[SourceTitle "CBM 056"]
[Source "ChessBase"]
[SourceDate "1997.02.01"]
[SourceVersion "1"]
[SourceVersionDate "1997.02.01"]
[SourceQuality "1"]

1. d4 f5 2. g3 Nf6 3. Bg2 d6 4. b3 c6 $146 (4... e6 5. Bb2 Be7 6. Nf3 a5 7. a4
O-O 8. O-O Qe8 9. Nbd2 Qh5 10. e3 Nc6 11. Ne1 Qh6 12. Nd3 Bd7 13. c4 $14 {
There was not a best distribution chosen by black for his pieces in the
game-Pokern,N-Bassler,M/BL 1982/1-0 (50)}) (4... g6 5. Bb2 Bg7 6. Nd2 O-O 7.
Nh3 Qe8 8. d5 c6 9. c4 Na6 10. O-O $6 (10. Nf4 $5 e5 11. dxe6 Bxe6 12. h4 Nc5
13. b4 Ncd7 14. O-O Ne5 15. Qc2 $14) 10... h6 11. Nf4 g5 12. dxc6 bxc6 13. Nd3
e5 14. e4 Qg6 $132 {Hoffman,A-Topalov,V/Candas op 1992/1/2-1/2 (88)}) 5. Nd2 e5
6. dxe5 dxe5 7. Bb2 e4 8. Nc4 (8. f3 $6 Nd5 {[%csl Re3]}) 8... Bb4+ 9. c3 Bc5
10. Qxd8+ Kxd8 11. Nh3 Be6 12. Ba3 Bxa3 13. Nxa3 Nbd7 14. f3 $6 (14. Nf4 Re8
15. h4 a5 16. O-O-O $1 (16. Bh3 g6 17. O-O-O (17. h5 Bf7) 17... Bf7) 16... Ng4
(16... Bf7 $142 $14) 17. Rd6 Bf7 18. Bh3 $1 Kc7 19. Rhd1 Nde5 20. Bxg4 $16)
14... exf3 15. exf3 Re8 16. Kf2 Nd5 17. Rac1 (17. c4 $6 Nb4 {[%cal Gb4a2,Gb4d3]
}) 17... Kc7 18. Rhe1 h6 19. Nc2 Nc5 20. Bf1 a5 21. Nd4 Bd7 22. Nf4 (22. a3
Rxe1 23. Rxe1 $1 g5 $1 (23... a4 24. c4 Nf6 25. b4 Nb3 26. Ne6+ $14) 24. c4 Nf6
$11 {[%csl Rh3]}) 22... Nxf4 23. gxf4 g6 24. Rxe8 Rxe8 25. b4 Ne6 26. Nxe6+
Bxe6 27. Re1 axb4 28. cxb4 (28. Bc4 $2 bxc3) 28... b6 29. Re3 Kd6 30. h4 Ra8
$15 31. a3 Ra7 (31... c5 32. bxc5+ bxc5 33. Bb5 c4 $15) (31... Bd5 $142 $15 {
[%cal Gc6c5] /\c6-c5-c4,Kd6-c5etc}) 32. Be2 Re7 1/2-1/2

[Event "Asia-ch"]
[Site "Kolkata"]
[Date "2001.08.17"]
[Round "11"]
[White "Sriram, Jha"]
[Black "Hoang, Thanh Trang"]
[Result "0-1"]
[WhiteElo "2399"]
[BlackElo "2445"]
[Annotator "Tyomkin,D"]
[PlyCount "58"]
[EventDate "2001.08.09"]
[EventType "swiss"]
[EventRounds "11"]
[EventCountry "IND"]
[SourceTitle "CBM 085"]
[Source "ChessBase"]
[SourceDate "2001.11.13"]
[SourceVersion "1"]
[SourceVersionDate "2001.11.13"]
[SourceQuality "1"]

1. d4 f5 2. g3 Nf6 3. Bg2 g6 4. Nh3 Bg7 5. Nf4 e6 6. h4 Nc6 $146 {There is a
large choice of different setups for black here:} (6... O-O {Tyomkin,D} 7. c3 (
7. h5 {Tyomkin,D} g5 8. h6 Bh8 9. Nh3 g4 10. Nf4 d6 {[%cal Ge6e5,Yc7c6]}) 7...
Nc6 8. Nd2 {[%cal Ge2e4]} d5 {This setup looks very unnatural for black-mix of
Leningrad and Stonewall in addition to that knight on-c6.} 9. h5 {White leads
the standard plan with Nf4 and h4-h5 which is usefull in this position too.} g5
10. h6 $1 {Otherwise black plays h7-h6.} gxf4 (10... Bh8 {Tyomkin,D} 11. Nh3 g4
12. Nf4 $14) (10... Bxh6 {Tyomkin,D} 11. Nxe6 Bxe6 12. Rxh6 $16) 11. hxg7 Rf7
12. gxf4 Rxg7 13. Bf1 Bd7 14. Nf3 Be8 15. Ng5 Qe7 16. Qd3 Nd8 17. Qh3 Bb5 $2 (
17... Ne4 $142 {Tyomkin,D} 18. f3 Nxg5 19. fxg5 c5 20. dxc5 Qxc5 $132) 18. b3 {
[%cal Ga2a4,Yc1a3] 1-0 Glienke,M-Keitlinghaus,L/Bremen 1998/CBM 68/[Tyomkin,D]
(42) Bc1 has not opponent on black squares,and white finds it perfect diagonal
a3-f8.}) (6... d6 7. Nc3 c6 (7... Nc6 {Dautov} 8. h5 e5 9. dxe5 dxe5 10. Qxd8+
Nxd8 (10... Kxd8 11. Nfd5 Nxd5 12. Nxd5 $16) 11. Nb5 Kd7 12. Nd3 Ne4 13. Be3
$16 {Ulibin,M-Mellado,J/Ibercaja op ;TD 94/02 1994}) (7... e5 8. dxe5 dxe5 9.
Qxd8+ Kxd8 10. Nfd5 c6 11. Nxf6 Bxf6 12. e4 $14) 8. e4 O-O 9. O-O Qc7 10. exf5
gxf5 11. Re1 e5 12. dxe5 dxe5 13. Nh5 Nxh5 14. Qxh5 Qf7 15. Qxf7+ $11 {1/2-1/2
Zakharevich,I-Olenin,N/St Petersburg RUS 1998 (44)}) (6... Qe7 7. Nd2 d6 8. Nc4
e5 9. dxe5 dxe5 10. Nd5 Nxd5 11. Qxd5 Nc6 12. Bg5 Qf7 13. Qxf7+ Kxf7 14. Bxc6
$11 {1/2-1/2 Drasko,M-Orlov,P/JUG 1997/EXT 99 (60)}) 7. d5 $6 {This move is
logical but it has been made too early- black gets the balance after it;  7.h5
probably gives white some opening edge:} (7. h5 g5 (7... Ne7 $6 8. h6 $16) 8.
h6 Bf8 9. d5 $5 (9. Nh3 g4 10. Nf4 $14) 9... Ne5 (9... exd5 10. Nxd5 Nxd5 11.
Bxd5 $16 {[%cal Ge2e4]}) (9... gxf4 10. dxc6 bxc6 (10... dxc6 11. Qxd8+ Kxd8
12. Bxf4 $16 {[%cal Gb1d2,Ye1c1]})) 10. Nh3 g4 11. Nf4 $14) 7... exd5 8. h5 Ne5
(8... Ne7 9. h6 Bf8 10. Be3 $5 {[%cal Ge3d4]} (10. Nxd5 $11)) 9. hxg6 (9. h6
Bf8 10. Nxd5 c6 $11) 9... hxg6 10. Rxh8+ Bxh8 11. Nxd5 c6 12. Nf4 (12. Nxf6+
Bxf6 $15 {[%cal Gd7d5]}) 12... d5 $15 {[%csl Yc6,Yd5,Yf5,Yg6] Black has better
development and more space all over the board thanks to the pawn center;} 13.
Nd2 {White is suffering of the lack of space and can not develop it`s pieces
naturally;} (13. Be3 $5 {[%cal Ge3d4]} g5 $15 {[%cal Gf6e4,Gf6g4]}) 13... Qb6
14. Nb3 {[%cal Gc1e3]} Nfg4 15. e3 Bd7 16. Bd2 $2 (16. Nd4 g5 $17 {[%csl Ra1,
Rc1][%cal Ge8c8]} (16... O-O-O $17)) 16... Nc4 {[%mdl 64] This move begins the
series of tactical blows;} (16... g5 $5 {[%cal Ge5c4]}) 17. Nxg6 Bxb2 18. Rb1 {
It looks like there is nothing wrong for white here, but black finds out the
way to use the activity of its pieces;} Qd8 $1 {[%cal Gd8f6]} 19. Na5 Nxd2 $1 {
[%mdl 64] Consiquences of the forthcoming tactical operations were properly
calculated by Hoang Thanh Trang;} 20. Rxb2 Ne4 $1 (20... Qxa5 21. Qxd2 $14) 21.
Nxb7 Qf6 $19 {[%csl Rb2,Rg6][%cal Rf6c3]} 22. Qd4 Qxg6 $1 {[%mdl 64]} 23. Qh8+
(23. Bxe4 fxe4 (23... Nxf2 24. Bxd5 $1 (24. Kxf2 fxe4 25. Qe5+ $14) 24... Qxg3
25. Qh8+ Ke7 26. Qh7+ Kf6 27. Qf7+ Kg5 28. Qg7+ Kh4 29. Qe7+ $16) 24. Qh8+ Kf7
25. Qxa8 Qf6 {[%csl Rb2,Rf2]}) 23... Kf7 24. Qxa8 Qf6 25. Qb8 $2 {White loses
at once after this move. Other moves were more resistant, but black probably
wins in all cases as I prove it below:} (25. Rb3 Qa1+ 26. Ke2 Nc3+ $1 (26...
Nexf2 27. Kf3 Qd1+ 28. Kf4 Nf6 $1 $17) 27. Kd2 Nxa2 {[%cal Ga1c1]} 28. Nd6+ Ke6
29. Qg8+ Kxd6 30. Qf8+ Ke6 31. Qg8+ Ke7 32. Qg5+ Kd6 33. Qf4+ Ke6 {cheks are
over and black is winning;}) (25. Qd8 Qc3+ 26. Kf1 Nef6 $1 (26... Nh2+ 27. Kg1
Nf3+ 28. Bxf3 Qe1+ 29. Kh2 Qxf2+ 30. Bg2 Qxg3+ 31. Kh1 Nf2+ 32. Kg1 Nh3+ 33.
Kh1 $11) (26... Qd2 27. Qxd7+ Kg6 28. Qe8+ $11) 27. Nd6+ $8 Kg6 (27... Ke6 28.
Nc8 $1 $18) 28. Bxd5 $1 cxd5 (28... Qd2 29. Bf7+ Kh7 30. Bg8+ $1 $11) 29. Qb8
Qd2 30. c3 Qd1+ 31. Kg2 d4 $1 $19 {[%cal Gd7c6]}) (25. Nd8+ $142 Kg6 26. Nxc6
Qc3+ 27. Kf1 Qxb2 $17 28. Qg8+ Qg7 29. Qxg7+ (29. Qxd5 $2 Qa1+ {[%cal Ge4c3]})
29... Kxg7 30. Bxe4 fxe4 31. Nxa7 {White has 3 pawns for a piece here, but
this ending is probably lost for white anyhow. But in any case it was the best
what white could do on his 25th move...}) {Black can not capture Rb2 now, but
there was another target- white king is left without defenders;} 25... Qc3+ (
25... Qxb2 26. Nd8+ {[%csl Rb2]}) 26. Kf1 Qd2 27. Nd6+ Nxd6 28. Bxd5+ cxd5 29.
c3 Bb5+ {[%csl Rb2]} (29... Bb5+ 30. Qxb5 Qd1+ {[%cal Gd6b5]}) 0-1